000 00511nam a2200181 i 4500
001 57346
003 ES-MaACL
005 20230906163547.0
007 t|
008 031016s1966 sp ||||1| spa d
100 1 _aDjilas, Milovan.
_944919
245 1 3 _aLa ejecución /
_cMilovan Djilas ; [versión de J. Garzolini].
250 _a[1ª ed.].
260 _aBarcelona :
_bLuis de Caralt,
_c[1966]
300 _a312 p. ;
_c21 cm.
700 1 _aGarzolini, Jorge.
_955816
852 _aES-MaACL
_jC-31315
_bR.61845
999 _c57346
_d57346